The analysis of matter /

Bibliographic Details
Main Author: Russell, Bertrand, 1872-1970
Format: Book
Language:English
Published: London : New York : K. Paul, Trench, Trubner & Co. ltd.; Harcourt, Brace & Company, inc., 1927.
Series:International library of psychology, philosophy, and scientific method.
Subjects:

MARC

Tag First Indicator Second Indicator Subfields
LEADER 00000cam a2200000 4500
001 in00000075564
005 20151008053641.0
008 740715s1927 nyua 00010 engm
010 |a  27017128  
035 |a (OCoLC)00945281 
035 |9 AAH8159AM 
040 |a DLC  |c MSC  |d OCL  |d m.c.  |d TXA  |d UtOrBLW 
049 |a TXAM  |c 1 [36100], 2 [1501382] 
050 0 0 |a QC6  |b  R83 
100 1 |a Russell, Bertrand,  |d 1872-1970. 
245 1 4 |a The analysis of matter /  |c by Bertrand Russell, F.R.S. 
264 1 |a London :  |b K. Paul, Trench, Trubner & Co. ltd.;  |a New York :  |b Harcourt, Brace & Company, inc.,  |c 1927. 
300 |a vii, 408 pages :  |b diagrams ;  |c 23 cm. 
336 |a text  |b txt  |2 rdacontent 
337 |a unmediated  |b n  |2 rdamedia 
338 |a volume  |b nc  |2 rdacarrier 
490 1 |a International library of psychology, philosophy and scientific method 
650 0 |a Matter. 
650 0 |a Physics  |x Philosophy. 
830 0 |a International library of psychology, philosophy, and scientific method. 
999 |a MARS 
999 f f |s 4fb2b6a9-11ba-36f3-a186-5efd4d41f550  |i 69e85685-9b85-37d1-9477-ab095a045e05  |t 0 
952 f f |p ric  |a Texas A&M University  |b Rellis Campus  |c Joint Library Facility  |s JLF  |d Remote Storage  |t 0  |e QC6 R83  |h Library of Congress classification  |i unmediated -- volume  |m A14804589045 
998 f f |a QC6 R83  |t 0  |l Remote Storage